000 00687nam a22002417a 4500
003 UA-OsUOA
001 51407
007 ta
008 20140904b un ||||| |||| 00| 0 ukr d
100 _aРебет Д.
090 _a081
_bР31
942 _cBK
040 _aUA-OsUOA
_bukr
_cUA-OsUOA
_dUA-OsUOA
245 _aНа перехрестях визвольних змагань
300 _a569 с.
955 _a4
041 _aukr
080 _a081
260 _bГадяч
_c2003
650 7 _a08 Видання. Колективні праці
_2UDC
999 _c431535
_d431535